'There's a Platypus Controlling Me' Lyrics Quiz (Phineas & Ferb song) - Statistics

General Stats
  • This quiz has been taken 17 times
  • The average score is 167 of 214
Answer Stats
Character Lyric % Correct
a
100%
Crowd A
100%
don't
93%
Crowd Don't
93%
glue
93%
hands
93%
hands,
93%
I
93%
my
93%
Other Guy My
93%
on
93%
really
93%
And
87%
and
87%
controlling
87%
down
87%
fell
87%
got
87%
hill,
87%
me
87%
me!
87%
platypus
87%
platypus.
87%
platypus,
87%
the
87%
People The
87%
understand
87%
we
87%
Crowd We
87%
Dr. Doofenshmirtz Well,
87%
be
80%
fingers
80%
He's
80%
honest,
80%
I'll
80%
is
80%
records
80%
Dr. Doofenshmirtz Records
80%
stop
80%
stop!
80%
table
80%
there
80%
There's
80%
underneath
80%
whaaat?
80%
Crowd Whaat?
80%
can't
73%
no
73%
teacher
73%
this
73%
all
67%
But
67%
is
67%
just
67%
Dr. Doofenshmirtz Just
67%
now
67%
Now
67%
it
60%
of
60%
set
60%
strange
60%
us!
60%
us
60%
was
60%
able
53%
are
53%
circumstances
53%
government's
53%
if
53%
let
53%
parents
53%
him
47%
Dr. Doofenshmirtz I'd
47%
panda
47%
would
47%
Yeah,
47%
up,
40%
corporations
33%
sum
33%
media's
27%
propaganda!
27%
Crowd Your
27%
It's
20%
Like
20%
Dr. Doofenshmirtz I'm
13%
Crowd Society's
13%
metaphorically
7%
not
7%
speaking
7%
No matching quizzes found
Score Distribution
Percent of People with Each Score
Percentile by Number Answered
Your Score History
You have not taken this quiz